Impossible quiz - Statistics

General Stats
  • This quiz has been taken 70 times
  • The average score is 4 of 6
Answer Stats
Hint Answer % Correct
type the abc's abcdefghijklmnopqrstuvwxyz
93%
what question number is this 4
87%
what is this quiz called impossible quiz
85%
how many questions are left x 9 in letters zero
53%
what is 8 to the power of seven in letters two million ninety seven thousand one hundred fifty two
42%
how many letters were in answer 2 in letters forty six
18%
No matching quizzes found
Score Distribution
Percent of People with Each Score
Percentile by Number Answered
Your Score History
You have not taken this quiz